Los grupos de poder económico en Sonora /
Estudio sobre el poder político y económico de los empresarios del estado de Sonora en la década de los ochenta y el rol que desempeñan en el devenir de dicha entidad. Incluye el estudio de caso de uno de los emporios industriales denominado Grupo Mezoro.
保存先:
| 第一著者: | |
|---|---|
| フォーマット: | 図書 |
| 言語: | スペイン語 |
| 主題: | |
| タグ: |
タグなし, このレコードへの初めてのタグを付けませんか!
|
MARC
| LEADER | 00000nam^a2200000^a^4500 | ||
|---|---|---|---|
| 001 | 000318279 | ||
| 005 | 20250521000000.0 | ||
| 009 | 20260310113408.082 | ||
| 025 | |a Donación Jesús Vergara Aceves, 1 ejemplar | ||
| 037 | |a Acervo Xavier Clavigero | ||
| 041 | |a ESP | ||
| 082 | |a 320. 972170638 |b VAZ | ||
| 100 | |a Vázquez Ruiz, Miguel Angel |e (autor) | ||
| 245 | 1 | 4 | |a Los grupos de poder económico en Sonora / |c M.A. Vázquez Ruiz. |
| 264 | |a Hermosillo, México : |b Universidad de Sonora, Departamento de Economía, |c 1988 | ||
| 300 | |a 131 p. | ||
| 336 | |a texto |b txt |2 rdacontenido | ||
| 337 | |a sin mediación |b n |2 rdamedio | ||
| 338 | |a volumen |b nc |2 rdasoporte | ||
| 520 | |a Estudio sobre el poder político y económico de los empresarios del estado de Sonora en la década de los ochenta y el rol que desempeñan en el devenir de dicha entidad. Incluye el estudio de caso de uno de los emporios industriales denominado Grupo Mezoro. | ||
| 649 | |a XX | ||
| 650 | |a Empresarios Mexicanos | ||
| 650 | |a Poder Político - |z Sonora | ||
| 650 | |a Poder Político - |z México | ||
| 650 | |a Industrialización - |z Sonora | ||
| 650 | |a Industrialización - |z México | ||
| 650 | |a Política Industrial - |z Sonora | ||
| 650 | |a Política Industrial - |z México | ||
| 650 | |a Desarrollo Económico-Social - |z Sonora | ||
| 650 | |a Desarrollo Económico-Social - |z México | ||
| 650 | |a Economía - |z Sonora - |x Historia - |y 1982-1988 | ||
| 650 | |a Economía - |z Sonora - |x Historia - |y Siglo XX | ||
| 650 | |a Política - |z Sonora - |x Historia - |y 1982-1988 | ||
| 650 | |a Política - |z Sonora - |x Historia - |y Siglo XX | ||
| 650 | |a Economía - |z México - |x Historia - |y 1982-1988 | ||
| 650 | |a Economía - |z México - |x Historia - |y Siglo XX | ||
| 650 | |a Política - |z México - |x Historia - |y 1982-1988 | ||
| 650 | |a Política - |z México - |x Historia - |y Siglo XX | ||
| 650 | |a Sonora - |x Condiciones Económicas | ||
| 650 | |a México - |x Condiciones Económicas | ||
| 650 | |a Sonora - |x Condiciones Políticas | ||
| 650 | |a México - |x Condiciones Políticas | ||
| 910 | |a Fondo Jesús Vergara Aceves S.J. | ||
| 920 | |a Impresos - Libros | ||
| 930 | |a Fondos Especiales | ||
| 905 | |a 119 | ||
| 901 | |a 0500205563 |b IT2 |c ESP |i D |u 20250521 | ||
| 902 | |a https://opac.biblio.iteso.mx/vufind/Record/000318279 | ||